1642 1014 1791 1906 1402 1562 1068 1809 1198 1112 1473 1607 1825 1372 1444 1186 1280 1666 1751 1278 1355 1090 1278 1801 1932 1623 1753 1864 1025 1352 1604 1557 1739 1954 1794 1643 1072 1571 1632 1827 1284 1968 1680 1614 1067 1175 1505 1555 1955 1734 1742 1897 1109 1164 1839 1304 1440 1159 1104 1825 1740 1843 1734 1488 1908 1437 1599 1463 1800 1450 1618 1761 1026 1177 1693 1302 1003 1677 1543 1425 1387 1100 1195 1695 1190 1634 1900 1866 1314 1056 1045 1440 1504 1786 1281 1498 1073 1655 1160 BCNSPRNW ULIB Ver.6.0+V

เปลี่ยนเป็นภาษาไทย

Change to English
 แสดงรายละเอียดบรรณานุกรม
  กลับหน้าหลัก

Brief Record : Get Marc (ISO 2709) : E-mail record : QR code < ปิดหน้าต่าง
LEADER : 00000nam 2200000uu 4500
001    13399108836
003     ULIB
008    110315s2546||||th 000 0 tha d
020    9749626982
060 04 W84^bส223บ 2546
245 00 บริการสาธารณสุขกับการแสวงหากำไรเชิงธุรกิจ /^cสำนักงานปฎิรูประบบสุขภาพแห่งชาติ ; บรรณาธิการ, ปิติพร จันทรทัต ณ อยุธยา, วณี ปิ่นประทีป
250    พิมพ์ครั้งที่ 1
260    นนทบุรี :^bสำนักงาน,^c2546
300    [6], 128 หน้า ;^c21 ซม.
650  7 บริการทางการแพทย์
650  7 พระราชบัญญัติสุขภาพแห่งชาติ
700 0  ปิติพร จันทรทัต ณ อยุธยา,^eบรรณาธิการ
700 0  วณี ปิ่นประทีป,^eบรรณาธิการ
710 2  สำนักงานปฏิรูประบบสุขภาพแห่งชาติ
945    ^p0^l0^i015729
945    ^p0^l0^i015728
995    ทศพร
999 ^a ใช้งานได้ทุกระบบ
รายการนี้ยังไม่มีแท็ก
คุณยังไม่ได้ล็อกอิน คุณสามารถมีกิจกรรมร่วมกับเว็บไซต์ได้ แต่ต้องล็อกอินก่อน ::
  ล็อกอิน

รายการสื่อสารสนเทศ

ลำดับที่ ประเภท เลขเรียก/บาร์โค้ด สถานที่ สถานะ
- ไม่พบข้อมูล -

รายการใกล้เคียง
    หัวเรื่อง [บริการทางการแพทย์]
    หัวเรื่อง [พระราชบัญญัติสุขภาพแห่งชาติ]

BibComment


ยังไม่เคยถูกคอมเมนท์

คอมเมนท์ทรัพยากรรายการนี้
  คอมเมนท์: บริการสาธารณสุขกั..


 Copyright 2026. Bcnsprnw @Library